| 000 | 00955cam a2200145ua 4500 | ||
|---|---|---|---|
| 041 |
_aeng _h |
||
| 082 |
_a666.95 _bIND/GL |
||
| 110 | 1 |
_aIndian standards institution . _bISI _c() |
|
| 245 |
_aGlossary of terms relating to cement concrete ,Part-11 pre stressed concrete,IS:6461-1973 / _cIndian standards institution. _hTextual Documents |
||
| 260 |
_aNew Delhi : _bIndian Standards Institution , _c1983. |
||
| 300 | _a12 ; . | ||
| 504 | _a | ||
| 942 | _cBK | ||
| 999 |
_c4402 _d4402 |
||